000 00576nam a2200229Ia 4500
001 49365
005 20240114003948.0
007 ta
008 090527s1905 g b000 u 903 u
040 _aCotton College,Assam
041 _a903
082 _a824.86
_bR 89 C
100 _aRuskin, John .
245 0 _aThe Crown Of Wild Olive /
_cJohn Ruskin.
_hTextual Documents
250 _a1st ed /
260 _aLondon :
_bGeorge Allen ,
_c1905.
300 _a276 p ;
_c21 cm.
653 _aEnglish
942 _2ddc
_cBK
999 _c49330
_d49330